Browny bear listens to his elders

Bibliographic Details
Main Author: Sudha Suri, Geetika Bahl
Format: Book
Published: New Delhi : Scholars Hub , 2007
Series:Moral stories children; 6
Subjects:

MARC

LEADER 00000cam a2200000 7i4500
001 0000054112
005 20220105104200.0
008 151102
020 |a 8183531474 
020 |a 9788183531474 
090 0 0 |a JP   |b ENG 
100 1 |a Sudha Suri, Geetika Bahl 
245 1 0 |a Browny bear listens to his elders   |c Geetika Bahl-Sudha Suri 
260 |a New Delhi :   |b Scholars Hub ,   |c 2007 
300 |a 14 p. :   |b ill., col. ;   |c 27 cm. 
490 0 |a Moral stories children; 6 
500 |a Children age 4-6 years old (yellow) 
541 0 0 |c Purchased on 2019   |f 2019/14 GUA   |h RM10.00 
650 0 |a Moral   |x Fiction 
999 |a 0000136384   |b Book   |c Children Collection   |e Cawangan Taman Universiti 
999 |a 0001362924   |b Book   |c Children Collection   |e Perbadanan Perpustakaan Awam Johor 
999 |a 0001362925   |b Book   |c Children Collection   |e Cawangan Urban Transformation Centre 
999 |a 0001363841   |b Book   |c Children Collection   |e Cawangan Muar 
999 |a 0001363842   |b Book   |c Children Collection   |e Cawangan Tangkak 
999 |a 0001363843   |b Book   |c Children Collection   |e Cawangan Kota Tinggi 
999 |a 0001363844   |b Book   |c Children Collection   |e Cawangan Mersing 
999 |a 0001363845   |b Book   |c Children Collection   |e Cawangan Bukit Gambir 
999 |a 0001363846   |b Book   |c Children Collection   |e Cawangan Bandar Penawar 
999 |a 0001363847   |b Book   |c Children Collection   |e Cawangan Taman Sri Lambak 
999 |a 0001363848   |b Book   |c Children Collection   |e Cawangan Batu Pahat 
999 |a 0001363849   |b Book   |c Children Collection   |e Cawangan Pontian 
999 |a 0001363851   |b Book   |c Children Collection   |e Cawangan Segamat 
999 |a 0001363852   |b Book   |c Children Collection   |e Cawangan Sri Merlong 
999 |a 0001363853   |b Book   |c Children Collection   |e Cawangan Tmn. Ungku Tun Aminah 
999 |a 0001611397   |b Book   |c Children Collection   |e Cawangan Taman Universiti 
999 |a 0001611398   |b Book   |c Children Collection   |e Cawangan Bukit Gambir 
999 |a 0001611399   |b Book   |c Children Collection   |e Cawangan Bandar Penawar 
999 |a 0001611400   |b Book   |c Children Collection   |e Cawangan Taman Sri Lambak 
999 |a 0001611401   |b Book   |c Children Collection   |e Cawangan Segamat 
999 |a 0001611402   |b Book   |c Children Collection   |e Cawangan Mersing 
999 |a 0001611403   |b Book   |c Children Collection   |e Cawangan Batu Pahat 
999 |a 0001611404   |b Book   |c Children Collection   |e Cawangan Pontian 
999 |a 0001611405   |b Book   |c Children Collection   |e Cawangan Tmn. Ungku Tun Aminah 
999 |a 0001611406   |b Book   |c Children Collection   |e Cawangan Muar 
999 |a 0001611407   |b Book   |c Children Collection   |e Cawangan Bandar Tenggara 
999 |a 0001611408   |b Book   |c Children Collection   |e Cawangan Kota Tinggi 
999 |a 0001611410   |b Book   |c Children Collection   |e Cawangan Tangkak 
999 |a 0001611762   |b Book   |c Children Collection   |e Perbadanan Perpustakaan Awam Johor 
999 |a 0001611763   |b Book   |c Children Collection   |e Cawangan Urban Transformation Centre